[Event "2022 Standard Chess Dropout Tournament, Round 4"]
[Site "SchemingMind.com"]
[Date "2023.05.29"]
[Round "4"]
[White "pjl1015"]
[Black "Rommel85"]
[Result "0-1"]
[WhiteCountry "USA"]
[BlackCountry "CUB"]
[WhiteElo "2358"]
[WhiteRD "100"]
[BlackElo "2558"]
[BlackRD "79"]
[GameID "734370"]

1. e4 e5 2. Nf3 Nc6 3. Bc4 Bc5 4. c3 Nf6 5. d3 d6 6. b4 Bb6 7. Bb3 O-O 8. O-O Ne7 9. Nbd2 Ng6 10. Nc4 c6
11. Nxb6 axb6 12. h3 h6 13. Re1 Re8 14. a4 d5 15. Bc2 Qc7 16. Bd2 Be6 17. exd5 cxd5 18. Bb3 Rad8 19. Rc1 Nd7 20. Re2 Ndf8
21. Be3 Qd6 22. Re1 Nd7 23. Qe2 f5 24. Qa2 Kh7 25. Rcd1 Ra8 26. Bd2 Nf6 27. Bc1 Qc7 28. c4 d4 29. Qc2 Rad8 30. Bb2 Bf7
31. g3 f4 32. Kh2 Qd6 33. b5 Qc5 34. Kg2 Be6 35. Ng1 Bf5 36. g4 Nh4+ 37. Kf1 Bxg4 38. hxg4 f3 39. Re3 Nxg4 40. Re4 Qc8
41. Bc1 Qf5 42. Qa2 Qg6 43. Ba3 Nf6
0-1

[Event "2022 Standard Chess Dropout Tournament, Round 4"]
[Site "SchemingMind.com"]
[Date "2023.05.29"]
[Round "4"]
[White "pnwmusichound"]
[Black "lawyertheologian"]
[Result "0-1"]
[WhiteCountry "USA"]
[BlackCountry "USA"]
[WhiteElo "1846"]
[WhiteRD "97"]
[BlackElo "2023"]
[BlackRD "85"]
[GameID "734371"]

1. d4 f5 2. c4 Nf6 3. g3 g6 4. Bg2 Bg7 5. Nf3 O-O 6. O-O d6 7. b4 e5 8. dxe5 dxe5 9. Qb3 Qe7 10. Ba3 Nbd7
11. c5+ Kh8 12. Rc1 c6 13. b5 e4 14. Nd4 Ne5 15. Nd2 Bd7 16. Bb2 Rfc8 17. e3 Nd3 18. Rc2 cxb5 19. Nxb5 Rxc5 20. Nd4 Rxc2
21. Nxc2 Rc8 22. Nd4 Qb4 23. Qxb4 Nxb4 24. N2b3 Nd3 25. Ba3 Ng4 26. f3 Nxe3 27. fxe4 Nxg2 28. Kxg2 fxe4 29. Rf1 e3 30. Kf3 Re8
31. Ke2 Ne5 32. Bc1 Bg4+ 33. Kxe3 Nf3+ 34. Kd3 Rd8 35. Bb2 Bf5+ 36. Ke3 Nxh2 37. Rf4 Ng4+ 38. Ke2 Re8+ 39. Kf1 Ne3+ 40. Kg1 Nc4
41. Bc3 Re3 42. Nxf5 Rxc3 43. Nxg7 Kxg7 44. Kg2 g5 45. Re4 Kf6 46. Nd4 Re3 47. Rxe3 Nxe3+ 48. Kf3 Nf5 49. Ne2 Ke5 50. a4 Nd4+
51. Nxd4 Kxd4 52. Kg4 h6 53. Kh5 Ke3 54. Kxh6 g4
0-1

[Event "2022 Standard Chess Dropout Tournament, Round 4"]
[Site "SchemingMind.com"]
[Date "2023.05.29"]
[Round "4"]
[White "Rommel85"]
[Black "Ricardo Martinez Puigros"]
[Result "1/2-1/2"]
[WhiteCountry "CUB"]
[BlackCountry "ESP"]
[WhiteElo "2560"]
[WhiteRD "78"]
[BlackElo "2531"]
[BlackRD "110"]
[GameID "734372"]

1. e4 c5 2. Nf3 d6 3. Nc3 Nf6 4. d4 cxd4 5. Nxd4 a6 6. Be3 e5 7. Nb3 Be6 8. f3 h5 9. Qd2 Nbd7 10. O-O-O Rc8
11. Kb1 Be7 12. f4 b5 13. h3 Qc7 14. Bd3 Nb6 15. Bxb6 Qxb6 16. Rhe1 O-O 17. g4 b4 18. Nd5 Nxd5 19. exd5 Bxd5 20. fxe5 Bh4
21. Bf5 Bxb3 22. axb3 Bxe1 23. Qxe1 dxe5 24. Bxc8 Rxc8 25. Qxe5 Qf2 26. Qe4 h4 27. Rd4 a5 28. Ka2 g6 29. Rc4 Rxc4 30. bxc4=
1/2-1/2

[Event "2022 Standard Chess Dropout Tournament, Round 4"]
[Site "SchemingMind.com"]
[Date "2023.05.27"]
[Round "4"]
[White "Stephen Dunning"]
[Black "Helga1946"]
[Result "0-1"]
[WhiteCountry "WLS"]
[BlackCountry "GER"]
[WhiteElo "1888"]
[WhiteRD "69"]
[BlackElo "2411"]
[BlackRD "74"]
[GameID "734373"]

1. d4 d5 2. c4 dxc4 3. e4 e5 4. Nf3 exd4 5. Bxc4 Nc6 6. Qb3 Bb4+ 7. Nbd2 Qf6 8. O-O Nge7 9. e5 Qg6 10. Nh4 Qh5
11. Ndf3 a5 12. a3 a4 13. Qd3 Ba5 14. Qe4 Be6 15. Be2 Qg4 16. Bf4 Bd5 17. h3 Qxh4
0-1

[Event "2022 Standard Chess Dropout Tournament, Round 4"]
[Site "SchemingMind.com"]
[Date "2023.05.24"]
[Round "4"]
[White "southpolarice"]
[Black "Diadoco"]
[Result "1/2-1/2"]
[WhiteCountry "AUS"]
[BlackCountry "MEX"]
[WhiteElo "2020"]
[WhiteRD "109"]
[BlackElo "1940"]
[BlackRD "104"]
[GameID "734374"]

1. d4 d5 2. c4 c6 3. Nf3 Nf6 4. Nc3 e6 5. e3 Nbd7 6. Qc2 Bd6 7. Bd3 O-O 8. O-O dxc4 9. Bxc4 b5 10. Be2 a6
11. Rd1 Qc7 12. e4 e5 13. g3 Re8 14. a3 exd4 15. Nxd4 Be5 16. Bf3 c5 17. Nf5 Nb6 18. a4 b4 19. a5 bxc3 20. axb6 Qxb6
21. bxc3 Rb8 22. Ba3 Qb3 23. Qxb3 Rxb3 24. Bxc5 Rxc3 25. Be3 Rxe3 26. Nxe3 Bxa1 27. Rxa1 Nxe4 28. Nc4 Ng5 29. Bc6 Rd8 30. f4 Ne6
31. Nb6 g6 32. Nxc8 Rxc8 33. Rxa6 Rc7=
1/2-1/2

[Event "2022 Standard Chess Dropout Tournament, Round 4"]
[Site "SchemingMind.com"]
[Date "2023.05.25"]
[Round "4"]
[White "The Chess Machine"]
[Black "Giraldo Menendez Rodriguez"]
[Result "1/2-1/2"]
[WhiteCountry "ENG"]
[BlackCountry "CUB"]
[WhiteElo "2477"]
[WhiteRD "68"]
[BlackElo "2571"]
[BlackRD "86"]
[GameID "734376"]

1. e4 c5 2. c3 Nf6 3. e5 Nd5 4. Nf3 d6 5. d4 cxd4 6. exd6 e6 7. Nxd4 Bxd6 8. g3 Nc6 9. Nxc6 bxc6 10. c4 Ne7
11. Bg2 O-O 12. O-O Qc7 13. Nc3 Rb8 14. b3 Nf5 15. Bb2 Rd8 16. Qh5 g6 17. Qe2 Nd4 18. Qe3 Nc2 19. Qc1 Nxa1 20. Ne4 Be5
21. Nf6+ Kg7 22. Nh5+ Kh8 23. Re1 Bxb2 24. Qxb2+ f6 25. Qxa1 Rf8 26. Nxf6 Qg7 27. Ne4 Qxa1 28. Rxa1 Rd8 29. h4 e5 30. Ng5 Rd2
31. Nf3 Re2 32. Kf1 Rc2 33. Ne1=
1/2-1/2

[Event "2022 Standard Chess Dropout Tournament, Round 4"]
[Site "SchemingMind.com"]
[Date "2023.05.29"]
[Round "4"]
[White "John C. Walton"]
[Black "William Lindberg"]
[Result "1/2-1/2"]
[WhiteCountry "USA"]
[BlackCountry "USA"]
[WhiteElo "2560"]
[WhiteRD "113"]
[BlackElo "2343"]
[BlackRD "66"]
[GameID "734377"]

1. e4 e5 2. Nf3 Nc6 3. Nc3 Nf6 4. d4 exd4 5. Nxd4 Bb4 6. Nxc6 bxc6 7. Bd3 O-O 8. O-O d5 9. exd5 cxd5 10. h3 c6
11. Qf3 Bd6 12. Bf4 Re8 13. Rfe1 Be6 14. Ne2 Bxf4 15. Nxf4 Qb6 16. b3 Bd7 17. Nh5 Nxh5 18. Qxh5 h6 19. Re5 Qd4 20. Rae1 Rxe5
21. Rxe5 Qa1+ 22. Kh2 Qd4 23. Qe2 Kf8 24. Re3=
1/2-1/2

[Event "2022 Standard Chess Dropout Tournament, Round 4"]
[Site "SchemingMind.com"]
[Date "2023.05.25"]
[Round "4"]
[White "zygyzag"]
[Black "Stephen Dunning"]
[Result "1-0"]
[WhiteCountry "ENG"]
[BlackCountry "WLS"]
[WhiteElo "2054"]
[WhiteRD "113"]
[BlackElo "1888"]
[BlackRD "69"]
[GameID "734378"]

1. Nf3 d5 2. c4 d4 3. b4 g5 4. Qa4+ Bd7 5. Qa3 Nc6 6. b5 e5 7. Qb2 Na5 8. d3 f6 9. h3 b6 10. g4 Ne7
11. Bg2 c6 12. Nfd2 Ng6 13. Be4 Nb7 14. bxc6
1-0

[Event "2022 Standard Chess Dropout Tournament, Round 5"]
[Site "SchemingMind.com"]
[Date "2023.10.12"]
[Round "5"]
[White "Abstract Actuary"]
[Black "Robert Bruce"]
[Result "0-1"]
[WhiteCountry "USA"]
[BlackCountry "SCO"]
[WhiteElo "1852"]
[WhiteRD "86"]
[BlackElo "2327"]
[BlackRD "67"]
[GameID "738073"]

1. e4 e5 2. Nf3 Nc6 3. c3 Nf6 4. d4 Nxe4 5. d5 Bc5 6. dxc6 Bxf2+ 7. Ke2 Bb6 8. Qd5 Nf2 9. cxb7 Bxb7 10. Qxb7 Nxh1
11. a4 O-O 12. a5 Bf2 13. Kd1 Qf6 14. Nbd2 c6 15. Ne4 Qg6 16. Nxf2 Nxf2+ 17. Ke2 Nd3 18. Qxd7 Rad8 19. Qxa7 e4 20. Nd4 Qh5+
21. Kd2 c5 22. Bxd3 exd3 23. Nf3 Qg6 24. Ne1 Qg5+ 25. Kd1 Qg4+ 26. Kd2 Qe2#
0-1

[Event "2022 Standard Chess Dropout Tournament, Round 5"]
[Site "SchemingMind.com"]
[Date "2023.10.17"]
[Round "5"]
[White "Ricardo Martinez Puigros"]
[Black "Jon Coles"]
[Result "1/2-1/2"]
[WhiteCountry "ESP"]
[BlackCountry "WLS"]
[WhiteElo "2530"]
[WhiteRD "117"]
[BlackElo "2504"]
[BlackRD "95"]
[GameID "738074"]

1. d4 Nf6 2. c4 e6 3. Nf3 d5 4. Nc3 c5 5. cxd5 Nxd5 6. e4 Nxc3 7. bxc3 cxd4 8. cxd4 Bb4+ 9. Bd2 Bxd2+ 10. Qxd2 O-O
11. Bc4 b6 12. d5 Na6 13. dxe6 fxe6 14. Qxd8 Rxd8 15. Ne5 Nc5 16. f3 Ba6 17. Bxa6 Nxa6 18. Kf2 Rd2+ 19. Kg3 Rc8 20. Rhd1 Rcc2
21. Rxd2 Rxd2 22. h4 Nc5 23. Nc6 a5=
1/2-1/2

[Event "2022 Standard Chess Dropout Tournament, Round 5"]
[Site "SchemingMind.com"]
[Date "2023.10.12"]
[Round "5"]
[White "Robert Bruce"]
[Black "Keith McLaughlin"]
[Result "0-1"]
[WhiteCountry "SCO"]
[BlackCountry "ENG"]
[WhiteElo "2327"]
[WhiteRD "67"]
[BlackElo "2357"]
[BlackRD "117"]
[GameID "738075"]

1. e4 e5 2. f4 exf4 3. Nf3 d6 4. d4 g5 5. g3 g4 6. Nh4 f3 7. Nc3 Be7 8. Nf5 Bxf5 9. exf5 Bf6 10. h3 h5
11. Nd5 Nd7 12. Bf4 Bg7 13. Qd2 Ndf6 14. Bc4 Nxd5 15. Bxd5 c6 16. Bc4 Qe7+ 17. Kf1 O-O-O 18. hxg4 hxg4 19. Rxh8 Bxh8 20. Re1 Qc7
21. Bg5 Nf6 22. Bd3 d5 23. Re5 Ne4 24. Bxe4 f6 25. Rxd5 cxd5 26. Bf4 Qb6 27. Bd3 Bg7 28. Qc3+ Kd7 29. a4 a6 30. a5 Qc6
31. Qb3 Bf8 32. c4 Bd6 33. cxd5 Qc7 34. Bxd6 Qc1+ 35. Kf2 Qd2+ 36. Kf1 Qg2+ 37. Ke1 f2+
0-1

[Event "2022 Standard Chess Dropout Tournament, Round 5"]
[Site "SchemingMind.com"]
[Date "2023.10.17"]
[Round "5"]
[White "Carlos Vila Hernández"]
[Black "carra1971"]
[Result "1/2-1/2"]
[WhiteCountry "CUB"]
[BlackCountry "CUB"]
[WhiteElo "2564"]
[WhiteRD "83"]
[BlackElo "2465"]
[BlackRD "104"]
[GameID "738076"]

1. d4 Nf6 2. c4 e6 3. Nf3 d5 4. Nc3 Bb4 5. cxd5 exd5 6. Bg5 h6 7. Bh4 O-O 8. e3 Bf5 9. Qb3 Bxc3+ 10. bxc3 Nbd7
11. Be2 c5 12. dxc5 Nxc5 13. Qb4 Rc8 14. O-O Re8 15. Nd4 Bd7 16. c4 dxc4 17. Bxc4 Qe7 18. a4 g5 19. Bg3 Nce4 20. Qxe7 Rxe7
21. Be2 Nxg3 22. hxg3 Re5 23. Bb5 a6 24. Bxd7 Nxd7 25. g4 Nf6 26. f4 gxf4 27. exf4 Ra5 28. Nf5 Kh7 29. Nxh6 Kxh6 30. g5+ Kg6
31. gxf6 Rc2 32. Kh2 Rb2 33. Rfb1 Rxb1 34. Rxb1 Rxa4 35. Rxb7 Rxf4 36. Kg3=
1/2-1/2

[Event "2022 Standard Chess Dropout Tournament, Round 5"]
[Site "SchemingMind.com"]
[Date "2023.10.17"]
[Round "5"]
[White "carra1971"]
[Black "Rommel85"]
[Result "1/2-1/2"]
[WhiteCountry "CUB"]
[BlackCountry "CUB"]
[WhiteElo "2499"]
[WhiteRD "103"]
[BlackElo "2525"]
[BlackRD "73"]
[GameID "738077"]

1. e4 e5 2. Nf3 Nc6 3. d4 exd4 4. Nxd4 Bc5 5. Be3 Qf6 6. c3 Nge7 7. Bc4 Ne5 8. Be2 Qg6 9. O-O d6 10. f3 O-O
11. Nd2 d5 12. Kh1 dxe4 13. Nxe4 Bb6 14. a4 a5 15. Re1 h6 16. Bf4 N7c6 17. Bd3 Nxd3 18. Qxd3 Nxd4 19. cxd4 Rd8 20. Be5 Rd5
21. Rac1 Be6 22. Qd2 Bf5 23. Qf4 Kh7 24. g4 Bxe4 25. fxe4 Rd7 26. d5 Re8 27. Bc3 f6 28. Kg2 Rde7 29. Kf3 Qf7 30. Qf5+ Kg8
31. Kg2 c6 32. Rcd1 cxd5 33. Qxd5 Rxe4 34. Qxf7+ Kxf7 35. Rd7+ R4e7 36. Rdxe7+ Rxe7 37. Rxe7+ Kxe7 38. h4 g6 39. h5 Kf7 40. Kf3 f5=
1/2-1/2

[Event "2022 Standard Chess Dropout Tournament, Round 5"]
[Site "SchemingMind.com"]
[Date "2023.10.13"]
[Round "5"]
[White "Diadoco"]
[Black "zygyzag"]
[Result "0-1"]
[WhiteCountry "MEX"]
[BlackCountry "ENG"]
[WhiteElo "1911"]
[WhiteRD "107"]
[BlackElo "2090"]
[BlackRD "116"]
[GameID "738078"]

1. e4 c6 2. d4 d5 3. e5 c5 4. c3 Nc6 5. Be2 Bf5 6. Nf3 e6 7. O-O cxd4 8. cxd4 Nge7 9. Nc3 Bg4 10. Nh4 Bxe2
11. Nxe2 Ng6 12. Nf3 Be7 13. g3 O-O 14. h4 Nxh4 15. gxh4 Bxh4 16. Be3 Be7 17. a3 f6 18. exf6 Rxf6 19. Ng3 Qc7 20. Kg2 Raf8
21. Ne5 Nxe5 22. dxe5 Rg6 23. Bd4 Bg5 24. Qe2 Bf4 25. Rh1 Rf5 26. Rae1 Rfg5 27. Rh3 h6 28. Qd3 Qf7 29. Qe2 b6 30. Reh1 Qf5
31. Bc3 Rg4 32. R1h2 d4 33. Be1 d3 34. Qd1 d2 35. Bxd2 Qd3 36. Qe1 Bxd2 37. Qf1 Qd5+ 38. Kg1 Rc4
0-1

[Event "2022 Standard Chess Dropout Tournament, Round 5"]
[Site "SchemingMind.com"]
[Date "2023.10.13"]
[Round "5"]
[White "eliecercruzr"]
[Black "George Dimitrov"]
[Result "0-1"]
[WhiteCountry "CUB"]
[BlackCountry "BUL"]
[WhiteElo "2292"]
[WhiteRD "59"]
[BlackElo "2541"]
[BlackRD "92"]
[GameID "738079"]

1. e4 e5 2. Nf3 Nc6 3. d4 exd4 4. Nxd4 Nf6 5. Nxc6 bxc6 6. Bd3 d5 7. exd5 cxd5 8. O-O Be7 9. c4 O-O 10. cxd5 Nxd5
11. Qf3 Be6 12. Re1 Rb8 13. Nc3 Bf6 14. Ne4 Bd4 15. Qg3 Rb6 16. Ng5 h6 17. Nxe6 fxe6 18. Re2 Qf6 19. Rb1 c5 20. Bd2 Bxb2
21. Rf1 Bd4 22. Qg4 g5 23. Qe4 Rf7 24. h3 Kg7 25. a3 Qf5 26. Qxf5 exf5 27. Rfe1 f4 28. Bc4 Rd7 29. Kf1 Rf6 30. Re6 f3
31. Rxf6 Bxf6 32. Be3 Nxe3+ 33. fxe3 fxg2+ 34. Kxg2 Rd2+ 35. Re2 Rxe2+ 36. Bxe2 Bb2 37. a4 Kf6 38. Kf3 Ke5 39. Bc4 Bc1 40. Bf7 Kd6
41. Ke4 Kc6 42. Kd3 Kb6 43. e4 Bb2 44. Kc4 Kc6 45. Bh5 Be5 46. Bf7 Kd6 47. a5 Bd4 48. Bh5 Bf6 49. Bf7 Bd8 50. a6 Be7
51. Kd3 Ke5 52. Ke3 Bf8 53. Kd3 Kf4 54. e5 Kxe5 55. Ke3 Be7 56. Kd3 Kf4 57. Bh5 Kg3 58. Bg4 Kh4 59. Bd7 h5 60. Be6 Bf6
61. Ke2 Kg3 62. Kd3 Kf3 63. Bf7 Kg3 64. Bxh5 Kxh3 65. Bf7 Kg2 66. Be6 Kf3 67. Bd5+ Kf4 68. Ke2 g4
0-1

[Event "2022 Standard Chess Dropout Tournament, Round 5"]
[Site "SchemingMind.com"]
[Date "2023.10.14"]
[Round "5"]
[White "FcoRego"]
[Black "Diadoco"]
[Result "1-0"]
[WhiteCountry "ESP"]
[BlackCountry "MEX"]
[WhiteElo "1982"]
[WhiteRD "97"]
[BlackElo "1883"]
[BlackRD "107"]
[GameID "738080"]

1. c4 e5 2. g3 c6 3. d4 e4 4. Nc3 d5 5. cxd5 cxd5 6. f3 f5 7. Bh3 Nf6 8. Bg5 Bb4 9. fxe4 fxe4 10. Bxf6 gxf6
11. Qb3 Nc6 12. e3 Bxc3+ 13. bxc3 Bxh3 14. Nxh3 Qd7 15. Nf4 O-O-O 16. Qa4 Rhe8 17. Rb1 Re7 18. Rb5 Qf5 19. Rc5 Kb8 20. O-O Qg5
21. Rb1 Kc7 22. Qxa7
1-0

[Event "2022 Standard Chess Dropout Tournament, Round 5"]
[Site "SchemingMind.com"]
[Date "2023.10.12"]
[Round "5"]
[White "George Dimitrov"]
[Black "Jari Laine"]
[Result "1/2-1/2"]
[WhiteCountry "BUL"]
[BlackCountry "FIN"]
[WhiteElo "2533"]
[WhiteRD "104"]
[BlackElo "2521"]
[BlackRD "82"]
[GameID "738081"]

1. e4 e5 2. Nf3 Nc6 3. Bb5 Nf6 4. O-O Nxe4 5. d4 Be7 6. Qe2 Nd6 7. Bxc6 bxc6 8. dxe5 Nb7 9. Nc3 O-O 10. Nd4 Bc5
11. Qd3 Bxd4 12. Qxd4 Re8 13. Be3 d6 14. exd6 cxd6 15. Rfe1 d5 16. Qb4 a5 17. Qf4 h6 18. Rad1 Nd6 19. Bc5 Nb7 20. Be3 Nd6
21. Bc5 Nb7 22. Rxe8+ Qxe8 23. Be3 Be6 24. h3 f6 25. Re1 Bf7 26. Qg3 Bg6 27. Ne2 Kh7 28. c3 a4 29. Nf4 Bf7 30. Nd3 Qd7
31. Qf3 Re8 32. Qd1=
1/2-1/2

[Event "2022 Standard Chess Dropout Tournament, Round 5"]
[Site "SchemingMind.com"]
[Date "2023.10.16"]
[Round "5"]
[White "Giraldo Menendez Rodriguez"]
[Black "Dan Geana"]
[Result "1/2-1/2"]
[WhiteCountry "CUB"]
[BlackCountry "ROU"]
[WhiteElo "2554"]
[WhiteRD "84"]
[BlackElo "2577"]
[BlackRD "117"]
[GameID "738082"]

1. Nf3 Nf6 2. c4 c5 3. Nc3 Nc6 4. g3 g6 5. d4 cxd4 6. Nxd4 Bg7 7. Bg2 O-O 8. O-O Nxd4 9. Qxd4 d6 10. Qd3 a6
11. Bg5 Bf5 12. Qd2 Rc8 13. b3 b5 14. cxb5 axb5 15. Nxb5 Ne4 16. Bxe4 Bxe4 17. Rac1 Qd7 18. a4 Bc6 19. Nd4 Bb7 20. Be3 e5
21. Nb5 d5 22. Bc5 Rfd8 23. Na7 Rb8 24. Bb6 Re8 25. Rc7 Qe6 26. a5 Bf6 27. Nb5 Bd8 28. Ba7 d4 29. Bxb8 Bxc7 30. Nxc7 Qc6
31. f3 Rxb8 32. Rc1 Qd6 33. Kg2 Rd8 34. a6 Bxa6 35. Nxa6 Qxa6 36. h4 Re8 37. Rc4=
1/2-1/2

[Event "2022 Standard Chess Dropout Tournament, Round 5"]
[Site "SchemingMind.com"]
[Date "2023.10.12"]
[Round "5"]
[White "Helga1946"]
[Black "Giraldo Menendez Rodriguez"]
[Result "1/2-1/2"]
[WhiteCountry "GER"]
[BlackCountry "CUB"]
[WhiteElo "2420"]
[WhiteRD "76"]
[BlackElo "2554"]
[BlackRD "84"]
[GameID "738084"]

1. a3 c5 2. e4 g6 3. Bc4 Bg7 4. d3 Nc6 5. Nc3 e6 6. Bf4 d6 7. h3 a6 8. Ba2 b5 9. Qd2 Nd4 10. Rb1 Nf6
11. Nge2 Nxe2 12. Nxe2 O-O 13. Bh6 d5 14. Bxg7 Kxg7 15. e5 Nd7 16. O-O a5 17. d4 b4 18. Rfe1 Ba6 19. Nf4 Qb6 20. dxc5 Qxc5
21. axb4 axb4 22. Rbc1 Bb5 23. c4 Rxa2 24. cxb5 Qxb5 25. Rc7 Rfa8 26. Nh5+ gxh5 27. Qg5+ Kh8 28. Qe7 R2a7 29. Rxa7 Rxa7 30. Qd8+ Kg7
31. Qg5+ Kh8=
1/2-1/2

[Event "2022 Standard Chess Dropout Tournament, Round 5"]
[Site "SchemingMind.com"]
[Date "2023.10.14"]
[Round "5"]
[White "Jari Laine"]
[Black "John C. Walton"]
[Result "1/2-1/2"]
[WhiteCountry "FIN"]
[BlackCountry "USA"]
[WhiteElo "2523"]
[WhiteRD "82"]
[BlackElo "2572"]
[BlackRD "123"]
[GameID "738085"]

1. d4 Nf6 2. Bg5 Ne4 3. Bf4 d5 4. e3 c5 5. Nd2 Nxd2 6. Qxd2 Nc6 7. Nf3 cxd4 8. exd4 Bf5 9. Ne5 Qb6 10. c3 e6
11. Bd3 Nxe5 12. Bxe5 Bxd3 13. Qxd3 f6 14. Bf4 Bd6 15. Bxd6 Qxd6 16. O-O O-O 17. Rae1 Rfe8 18. a3 h6 19. f4 Re7 20. h4 Rae8
21. Qg3 b5 22. Re3 a5 23. b4 a4 24. Qg6 Rc8 25. Rff3 Rf8 26. Qd3 Qd7 27. h5 Qc6 28. Qe2 Qd7 29. Rf2 f5 30. Rff3 Qe8
31. Rg3 Qc6 32. Rg6 Rf6 33. Qe1 Qd7 34. Qe2 Qe8 35. Rxf6 gxf6 36. Qe1 Kh7 37. Qe2 Qd7 38. Kh1 Qe8 39. Kg1 Qc6 40. Qf1=
1/2-1/2

[Event "2022 Standard Chess Dropout Tournament, Round 5"]
[Site "SchemingMind.com"]
[Date "2023.10.16"]
[Round "5"]
[White "Jon Coles"]
[Black "Matthew Bailey"]
[Result "1/2-1/2"]
[WhiteCountry "WLS"]
[BlackCountry "ENG"]
[WhiteElo "2504"]
[WhiteRD "95"]
[BlackElo "2537"]
[BlackRD "81"]
[GameID "738086"]

1. d4 Nf6 2. Nf3 e6 3. e3 b6 4. Bd3 Bb7 5. O-O d5 6. b3 c5 7. Bb2 Nc6 8. Nbd2 Bd6 9. Re1 O-O 10. a3 a5
11. e4 dxe4 12. Nxe4 Nxe4 13. Bxe4 Be7 14. dxc5 Bxc5 15. Qe2 Qe7 16. Bd3 Rad8 17. Qe4 g6 18. Qf4 f6 19. Bc4 Bc8 20. Qh4 Kh8
21. Bb5 Bb7 22. Bd3 Kg8 23. Bc4 Rd6 24. Rad1 Rxd1 25. Rxd1 Bc8 26. a4 Kg7 27. Ng5 h5 28. Ne4 e5 29. Nxc5 Qxc5 30. Rd5 Qe7
31. Bb5 Bb7 32. f4 exf4 33. Qxf4 Rd8 34. Rxd8 Qxd8 35. Bf1 Bc8 36. Bd3 Nb4 37. Be4 Qe7 38. Bd4 Na6 39. c3 Nc5 40. Bc2 Qe1+
41. Qf1 Qe7 42. h3 Qd6 43. Be3 Qc6 44. Qf2 Be6 45. b4 axb4 46. cxb4 Ne4 47. b5 Qc4 48. Bxe4 Qxe4 49. Bxb6 Qb1+ 50. Kh2=
1/2-1/2

[Event "2022 Standard Chess Dropout Tournament, Round 5"]
[Site "SchemingMind.com"]
[Date "2023.10.14"]
[Round "5"]
[White "Keith McLaughlin"]
[Black "FcoRego"]
[Result "1-0"]
[WhiteCountry "ENG"]
[BlackCountry "ESP"]
[WhiteElo "2357"]
[WhiteRD "117"]
[BlackElo "1921"]
[BlackRD "97"]
[GameID "738087"]

1. e4 c5 2. c3 d5 3. exd5 Qxd5 4. d4 Nf6 5. Nf3 Bg4 6. Be2 e6 7. h3 Bh5 8. Be3 b6 9. Qa4+ Nbd7 10. Nbd2 cxd4
11. Bxd4 Bc5 12. Bxf6 gxf6 13. O-O-O Qb7 14. Ne4 Qxe4 15. Qxe4
1-0

[Event "2022 Standard Chess Dropout Tournament, Round 5"]
[Site "SchemingMind.com"]
[Date "2023.10.13"]
[Round "5"]
[White "Rubén Pulido "]
[Black "The Chess Machine"]
[Result "1-0"]
[WhiteCountry "CUB"]
[BlackCountry "ENG"]
[WhiteElo "2542"]
[WhiteRD "102"]
[BlackElo "2493"]
[BlackRD "66"]
[GameID "738088"]

1. d4 Nf6 2. c4 Nc6 3. Nc3 e5 4. d5 Ne7 5. Nf3 Ng6 6. h4 h5 7. Bg5 d6 8. g3 Be7 9. e4 Ng4 10. Bd2 f5
11. exf5 Bxf5 12. Qe2 O-O 13. Bg2 Qd7 14. O-O Rae8 15. Rae1 c6 16. Ng5 Bxg5 17. hxg5 e4 18. Bxe4 Ne7 19. Qd1 Ng6 20. Qe2 Ne7
21. Bf4 Ng6 22. Bc1 Bxe4 23. Nxe4 cxd5 24. cxd5 N4e5 25. f3 b5 26. Bd2 Qb7 27. Bb4 Qxd5 28. Bxd6 Rf7 29. f4 Ng4 30. Qd2 Qc6
31. Qc3 Qd5 32. Qc5 Qd3 33. f5 Rxe4 34. fxg6 Rxf1+ 35. Rxf1 Re8 36. Qf5 Qxf5 37. Rxf5 Re1+ 38. Rf1 Rxf1+ 39. Kxf1 Ne3+ 40. Ke2 Nf5
41. Bb8 a6 42. Kd3 Ne7 43. Kc3 Kf8 44. Bd6 Ke8 45. Be5 Kd7 46. Bxg7 Nxg6 47. Kb4 Kc6 48. Ka5 Kb7 49. Bc3 h4 50. gxh4 Nxh4
51. Kb4 Kc6 52. Bf6 Ng6 53. Kc3 Kc5 54. Kd3 Kd5 55. Bc3 Nf8= 56. Ke3 Ng6 57. Kf3 Ke6 58. Ke4 Nh4 59. a3 Ng6 60. Bb4 Nh4
61. Bd2 Ng6 62. Be1 Nh8 63. Kd4 Kd6 64. Bb4+ Kc6 65. Ke5 Nf7+ 66. Kf6 Nxg5 67. Kxg5
1-0

[Event "2022 Standard Chess Dropout Tournament, Round 5"]
[Site "SchemingMind.com"]
[Date "2023.10.13"]
[Round "5"]
[White "William Lindberg"]
[Black "Rubén Pulido "]
[Result "1/2-1/2"]
[WhiteCountry "USA"]
[BlackCountry "CUB"]
[WhiteElo "2355"]
[WhiteRD "66"]
[BlackElo "2542"]
[BlackRD "102"]
[GameID "738089"]

1. c4 e5 2. Nc3 Nf6 3. Nf3 Nc6 4. g3 d5 5. cxd5 Nxd5 6. Bg2 Bc5 7. O-O O-O 8. Nxd5 Qxd5 9. d3 h6 10. Nd2 Qd8
11. b3 Bg4 12. Nc4 Bd4 13. Rb1 Qd7 14. Qc2 Bh3 15. Bxh3 Qxh3 16. e3 Bc5 17. Bd2 Be7 18. b4 f5 19. f4 exf4 20. Rxf4 Bg5
21. Rf2 b5 22. d4 f4 23. exf4 Bf6 24. Ne5 Nxd4 25. Qxc7 Bxe5 26. Qxe5 Rad8 27. Re1 Rfe8 28. Qxe8+ Rxe8 29. Rxe8+ Kf7 30. Re4 Nf5
31. Be1 h5 32. Rd2 h4 33. Rd7+ Kg6 34. Rd2=
1/2-1/2

[Event "2022 Standard Chess Dropout Tournament, Round 5"]
[Site "SchemingMind.com"]
[Date "2023.10.12"]
[Round "5"]
[White "Juan Jose Rivas Maceda"]
[Black "eliecercruzr"]
[Result "1-0"]
[WhiteCountry "PER"]
[BlackCountry "CUB"]
[WhiteElo "2517"]
[WhiteRD "62"]
[BlackElo "2300"]
[BlackRD "62"]
[GameID "738090"]

1. e4 e5 2. Nf3 Nc6 3. Bc4 Bc5 4. c3 Nf6 5. b4 Be7 6. d4 exd4 7. b5 d5 8. Bxd5 Na5 9. O-O O-O 10. Re1 a6
11. a4 Nxd5 12. exd5 Bg4 13. cxd4 Nc4 14. bxa6 Rxa6 15. h3 Bxf3 16. Qxf3 Bb4 17. Nc3 Rf6 18. Qd3 Bxc3 19. Qxc3 Qxd5 20. Rb1 Qf5
21. Be3 Nxe3 22. fxe3 Rc6 23. Qb3 Rb6= 24. Qa2 Rh6 25. Rxb7 Rc6 26. Qb1 Qg5 27. Qb5 Qg6 28. Rb8 h6 29. Rxf8+ Kxf8 30. Qb8+ Ke7
31. a5 Rc2 32. Qb7 Qc6 33. Qxc6 Rxc6 34. Ra1 Ra6 35. g4 c5 36. Kf2 Kd6 37. Ke2 cxd4 38. exd4 Kc6 39. Kd3 Kd5 40. Ra3 g6
41. Ra2 Kc6 42. Ke4 f6 43. h4 Kd6 44. h5 gxh5 45. gxh5 Ke6 46. Ra4
1-0

[Event "2022 Standard Chess Dropout Tournament, Round 5"]
[Site "SchemingMind.com"]
[Date "2023.10.13"]
[Round "5"]
[White "Ninaner2"]
[Black "Abstract Actuary"]
[Result "1-0"]
[WhiteCountry "NED"]
[BlackCountry "USA"]
[WhiteElo "2375"]
[WhiteRD "102"]
[BlackElo "1852"]
[BlackRD "86"]
[GameID "738092"]

1. e4 e6 2. d4 d5 3. Nc3 Bb4 4. e5 c5 5. a3 Bxc3+ 6. bxc3 Qa5 7. Bd2 Qa4 8. Qg4 Kf8 9. h4 Qxc2 10. h5 h6
11. Rc1 Qf5 12. Qg3 c4 13. Be2 g5 14. f4 gxf4 15. Qh4 Qg5 16. Qxg5 hxg5 17. Nh3 Bd7 18. Nxg5 Ba4 19. O-O Ke7 20. Rb1 b5
21. Rxf4 Nh6 22. Rbf1 Rf8 23. Rf6 Nf5 24. g4 Ng3 25. Rxf7+ Rxf7 26. Rxf7+ Ke8 27. h6 Bc2 28. Bd1 Bd3 29. Rg7
1-0